Statystyki dla Kraje w ich ojczystym języku

Kliknij tutaj aby rozwiązać quiz!

Ogólne statystyki

  • Ten quiz został rozwiązany 126 razy
  • Średni wynik to 14 z 15

Statystyki odpowiedzi

Kraj w ojczystym językuKraj w języku Polskim% Poprawnych
Česká republikaCzechy
100%
SlovenskoSłowacja
99%
EspañaHiszpania
98%
ItaliaWłochy
98%
LietuvaLitwa
97%
LatvijaŁotwa
97%
NorgeNorwegia
97%
УкраїнаUkraina
97%
РоссияRosja
96%
EestiEstonia
94%
SverigeSzwecja
90%
БеларусьBiałoruś
89%
المملكة العربية السعوديةArabia Saudyjska
85%
MagyarországWęgry
85%
SuomiFinlandia
79%

Rozkład punktacji

Percentyl według liczby udzielonych odpowiedzi

Procent ludzi z każdym wynikiem

Twoja historia wyników

Nie rozwiązałeś tego quizu